El futuro de los países subdesarrollados

Bewaard in:
Bibliografische gegevens
Hoofdauteur: Staley, Eugene (Auteur)
Formaat: Boek
Taal:Spaans
Gepubliceerd in: Ciudad de México Robles 1963
Onderwerpen:
Tags: Voeg label toe
Geen labels, Wees de eerste die dit record labelt!

MARC

LEADER 00000nam a2200000 a 4500
001 UCU2665
003 CL-VaPUC
008 960426e19630000MX |||||||||||||||||spa|d
082 0 4 |a 338.9  |b STA  |2 21 
100 0 |a Staley, Eugene  |e author  |9 359007 
245 1 3 |a El futuro de los países subdesarrollados 
300 |a 524 p 
942 |c BK 
945 |d 19960426 00:00:00  |a paguirre 
260 |a Ciudad de México  |b Robles  |c 1963 
650 0 |a Países en desarrollo  |9 259663 
650 7 |a SUDDESARROLLO  |2 CL-VaPUC  |9 359008 
650 7 |a DESPEGUE ECONOMICO  |2 CL-VaPUC  |9 359009 
650 0 |a Teorías económicas  |9 270968 
583 |a last modification  |c 19960426 00:00:00  |k Rodrigo Vera 
999 |c 246902  |d 246900 
952 |0 0  |1 0  |4 0  |6 338_900000000000000_STA_1963  |7 0  |8 A  |9 262261  |a BIBDER  |b BIBDER  |d 2019-11-19  |i 1814060  |o 338.9 STA 1963  |p 1814060  |r 2023-01-25  |w 2019-11-19  |y BK  |k DER